Transport and urban development

Bibliographic Details
Corporate Author: ProQuest (Firm)
Other Authors: Banister, David.
Format: Electronic eBook
Language:English
Published: London ; New York : E & FN Spon, 1995.
Edition:1st ed.
Subjects:
Online Access:Click to View
LEADER 01466nam a2200385Ia 4500
001 EBC182040
003 MiAaPQ
005 20200520144314.0
006 m o d |
007 cr cn|||||||||
008 951128s1995 enkab sb 101 0 eng d
010 |z  95070875  
020 |z 0203451325 
020 |z 0419203907 (acid-free paper) 
035 |a (MiAaPQ)EBC182040 
035 |a (Au-PeEL)EBL182040 
035 |a (CaPaEBR)ebr10095733 
035 |a (CaONFJC)MIL6736 
035 |a (OCoLC)70745877 
040 |a MiAaPQ  |c MiAaPQ  |d MiAaPQ 
050 4 |a HE305  |b .T73 1995 
245 0 0 |a Transport and urban development  |h [electronic resource] /  |c edited by David Banister. 
250 |a 1st ed. 
260 |a London ;  |a New York :  |b E & FN Spon,  |c 1995. 
300 |a ix, 294 p. :  |b ill., maps. 
500 |a Papers from a symposium held in London in 1994 funded by the UK Economic and Social Research Council. 
504 |a Includes bibliographical references and index. 
533 |a Electronic reproduction. Ann Arbor, MI : ProQuest, 2015. Available via World Wide Web. Access may be limited to ProQuest affiliated libraries. 
650 0 |a Urban transportation policy  |v Congresses. 
650 0 |a City planning  |v Congresses. 
650 0 |a Cities and towns  |v Congresses. 
655 4 |a Electronic books. 
700 1 |a Banister, David. 
710 2 |a ProQuest (Firm) 
856 4 0 |u https://ebookcentral.proquest.com/lib/matrademy/detail.action?docID=182040  |z Click to View